Birds / (Record no. 112292)
[ view plain ]
| 000 -LEADER | |
|---|---|
| fixed length control field | 00379nam a2200157 a 4500 |
| 001 - CONTROL NUMBER | |
| control field | 3951 |
| 005 - DATE AND TIME OF LATEST TRANSACTION | |
| control field | 20140414131933.0 |
| 008 - FIXED-LENGTH DATA ELEMENTS--GENERAL INFORMATION | |
| fixed length control field | 040107s19uu xx 00 eng d |
| 020 ## - INTERNATIONAL STANDARD BOOK NUMBER | |
| International Standard Book Number | 1-84236-087-6 |
| 050 ## - LIBRARY OF CONGRESS CALL NUMBER | |
| Classification number | REF 598.09 |
| Item number | F37 2000 |
| 100 ## - MAIN ENTRY--PERSONAL NAME | |
| Personal name | Farndon, John |
| 245 ## - TITLE STATEMENT | |
| Title | Birds / |
| Statement of responsibility, etc | John Farndon. |
| 260 ## - PUBLICATION, DISTRIBUTION, ETC. (IMPRINT) | |
| Name of publisher, distributor, etc | Miles Kelly, |
| Date of publication, distribution, etc | 2000. |
| 300 ## - PHYSICAL DESCRIPTION | |
| Extent | 61 p. ; cm. |
| Withdrawn status | Lost status | Damaged status | Home library | Current library | Shelving location | Date acquired | Source of acquisition | Total Checkouts | Full call number | Barcode | Date last seen | Price effective from | Koha item type |
|---|---|---|---|---|---|---|---|---|---|---|---|---|---|
| Munich Library | Munich Library | Reference Section | 01/07/2004 | REF 598.09 F37 2000 | M3529 | 04/14/2014 | 04/14/2014 | Books |